| 000 | 00577nam a22001937a 4500 | ||
|---|---|---|---|
| 005 | 20230630121207.0 | ||
| 008 | 230630b ||||| |||| 00| 0 eng d | ||
| 020 | _a9789382624394 | ||
| 040 |
_aIN-DiNC _cIN-DiNC |
||
| 041 | _deng | ||
| 082 |
_a305.8 _bBAR |
||
| 100 |
_aBarua, Surendra Nath _eauthor |
||
| 245 |
_aTribes of Indo Burma border/ _cby Surendra Nath Barua |
||
| 250 | _a2nd ed. | ||
| 260 |
_aGuwahati: _bManaging trust, Margherita ethnological museum, _bBhabani books, _c2013. |
||
| 300 | _axxi, 512p. | ||
| 650 | _aTribes of North East India | ||
| 942 |
_2ddc _cBK |
||
| 999 |
_c11573 _d11573 |
||